[Event "Tournoi de la St-Jean A"]
[Site "Quebec CAN"]
[Date "2005.06.26"]
[Round "4.13"]
[White "Chevalier, Francois"]
[Black "Sauve, Richard"]
[Result "0-1"]
[WhiteElo "1674"]
[BlackElo "1962"]
[PlyCount "102"]
[GameId "2160767910967881"]
[EventDate "2005.06.24"]
[EventType "swiss"]
[EventRounds "5"]
[EventCountry "CAN"]

1. e4 c5 2. c3 d5 3. exd5 Qxd5 4. d4 Nc6 5. Nf3 Bg4 6. Be2 e6 7. c4 Qh5 8. d5 O-O-O 9. Nc3 Nf6 10. Qa4 exd5 11. cxd5 Nxd5 12. Nxd5 Rxd5 13. O-O Be7 14. Be3 Rhd8 15. Rad1 Rxd1 16. Rxd1 Rxd1+ 17. Qxd1 Qg6 18. a3 Qd6 19. Qxd6 Bxd6 20. h3 Bh5 21. g4 Bg6 22. Kf1 b6 23. Ke1 Kc7 24. Kd2 f6 25. Nh4 Be4 26. f3 Bb1 27. Nf5 Bf8 28. Ng3 Ne5 29. f4 Nf7 30. Bf3 Nd6 31. Kc3 Bg6 32. f5 Bf7 33. Bf4 Kd7 34. a4 Nc8 35. Ne4 Nd6 36. Ng3 Nc4 37. b3 Bd6 38. Ne2 Be5+ 39. Bxe5 Nxe5 40. Bg2 h5 41. gxh5 Bxh5 42. Nf4 Bf7 43. Be4 Kd6 44. h4 Ng4 45. Ng6 Bxg6 46. fxg6 Ke5 47. Bd3 f5 48. Kd2 Kf4 49. Ke2 Ne5 50. h5 Kg5 51. Bxf5 Kxf5 0-1

[Event "Tournoi de la St-Jean A"]
[Site "Quebec CAN"]
[Date "2005.06.26"]
[Round "5.1"]
[White "Berube, Antoine"]
[Black "Caire, Francois"]
[Result "1/2-1/2"]
[WhiteElo "2169"]
[BlackElo "2200"]
[PlyCount "92"]
[GameId "2160767910967882"]
[EventDate "2005.06.24"]
[EventType "swiss"]
[EventRounds "5"]
[EventCountry "CAN"]

1. d4 Nf6 2. c4 e6 3. Nc3 Bb4 4. Nf3 b6 5. Bg5 Bb7 6. e3 h6 7. Bh4 Bxc3+ 8. bxc3 d6 9. Nd2 Nbd7 10. f3 e5 11. Bd3 Qe7 12. e4 Nf8 13. O-O Ng6 14. Bf2 Nf4 15. Bc2 O-O 16. Re1 N6h5 17. Be3 Qg5 18. Bxf4 Nxf4 19. g3 Ne6 20. Nf1 Qf6 21. d5 Nc5 22. Ne3 Bc8 23. Rf1 Bd7 24. Qe2 g6 25. Rae1 Rae8 26. Ng4 Qg7 27. Nf2 Kh8 28. Kg2 f5 29. Nd3 Nxd3 30. Bxd3 Rf7 31. Rf2 Ref8 32. Ref1 g5 33. exf5 Bxf5 34. Be4 Qg6 35. Bxf5 Rxf5 36. Qe4 Kg7 37. h3 h5 38. Kh2 R5f6 39. Qxg6+ Kxg6 40. Kg2 R6f7 41. Re1 h4 42. gxh4 gxh4 43. Re4 Rf4 44. Rfe2 Kg5 45. R2e3 R8f7 46. Kf2 Rf8 1/2-1/2

[Event "Tournoi de la St-Jean A"]
[Site "Quebec CAN"]
[Date "2005.06.26"]
[Round "5.2"]
[White "Masse, Hugues"]
[Black "Drolet, Stephane"]
[Result "0-1"]
[WhiteElo "2255"]
[BlackElo "2131"]
[PlyCount "149"]
[GameId "2160767910967883"]
[EventDate "2005.06.24"]
[EventType "swiss"]
[EventRounds "5"]
[EventCountry "CAN"]

1. d4 d5 2. c4 c6 3. Nf3 Nf6 4. Nc3 dxc4 5. a4 Na6 6. e3 Bf5 7. Bxc4 e6 8. O-O Nb4 9. Qe2 Be7 10. e4 Bg4 11. Rd1 O-O 12. h3 Bxf3 13. gxf3 Qa5 14. f4 Qh5 15. Qxh5 Nxh5 16. Bb3 a5 17. Be3 Nf6 18. Kg2 Rfd8 19. Kf3 Rd7 20. Rd2 Bd8 21. Rad1 Bc7 22. d5 exd5 23. exd5 Rad8 24. dxc6 Rxd2 25. Rxd2 Rxd2 26. Bxd2 Nxc6 27. Be3 Kf8 28. Nb5 Bb8 29. Na3 Bd6 30. Nb5 Bb4 31. Nd4 Nxd4+ 32. Bxd4 Nd7 33. Bd5 b6 34. Bc6 Nc5 35. Be5 Nd3 36. Bd4 Nc5 37. Bb5 f6 38. b3 Ke7 39. Bc4 g6 40. Kg4 Bd2 41. Bg8 h5+ 42. Kf3 Kf8 43. Bc4 Ke7 44. Bg8 Kf8 45. Bd5 Ke7 46. Bc4 Bb4 47. Be3 Bc3 48. Kg3 f5 49. Kf3 Bf6 50. Ke2 Kf8 51. Kd2 Ke7 52. Kc2 Kf8 53. f3 Ke7 54. Bd2 Ne6 55. Be3 Nc5 56. Bf2 Nd7 57. Be1 Nc5 58. Bc3 Ne6 59. Bxe6 Bxc3 60. Kxc3 Kxe6 61. Kc4 Kd6 62. Kb5 Kc7 63. Ka6 Kc6 64. Ka7 h4 65. Ka6 Kc5 66. Kb7 b5 67. axb5 Kxb5 68. Kc7 Kb4 69. Kb6 Kxb3 70. Kxa5 Kc4 71. Kb6 Kd4 72. Kc6 Ke3 73. Kd5 Kxf4 74. Ke6 Kxf3 75. Kf6 0-1

[Event "Tournoi de la St-Jean A"]
[Site "Quebec CAN"]
[Date "2005.06.26"]
[Round "5.3"]
[White "Larochelle, Martial"]
[Black "Tremblay, Rejean"]
[Result "0-1"]
[WhiteElo "2132"]
[BlackElo "2183"]
[PlyCount "138"]
[GameId "2160767910967884"]
[EventDate "2005.06.24"]
[EventType "swiss"]
[EventRounds "5"]
[EventCountry "CAN"]

1. c4 g6 2. d4 Bg7 3. e4 d6 4. Nc3 Nf6 5. Be2 O-O 6. Nf3 e5 7. d5 a5 8. Bg5 h6 9. Bh4 Na6 10. Nd2 Bd7 11. Rb1 Nc5 12. O-O a4 13. b4 axb3 14. axb3 Nfxe4 15. Bxd8 Nxc3 16. Bxc7 Nxd1 17. Rfxd1 Ra6 18. Ra1 Rxa1 19. Rxa1 e4 20. Rd1 Be5 21. b4 Na6 22. Ba5 Ba4 23. Rc1 Bf4 24. Ra1 Bc2 25. Nf1 Rc8 26. Ne3 Bxe3 27. fxe3 Bd3 28. Bxd3 exd3 29. Rd1 Rxc4 30. Rxd3 Nxb4 31. Bxb4 Rxb4 32. Rc3 Kf8 33. Rc7 Ke8 34. Kf2 b5 35. Rb7 Rb2+ 36. Kf3 b4 37. h3 b3 38. h4 Rb1 39. g3 b2 40. Kg2 f5 41. Kh2 g5 42. hxg5 hxg5 43. Kg2 g4 44. Kh2 Kd8 45. Kg2 Kc8 46. Rb5 Kc7 47. Kh2 Re1 48. Rxb2 Rxe3 49. Kg2 Re5 50. Rb5 Re2+ 51. Kf1 Re3 52. Kg2 Rd3 53. Kf2 Kc8 54. Kg2 Rd2+ 55. Kf1 Kd8 56. Rb7 Rxd5 57. Ke2 Re5+ 58. Kd3 Re7 59. Rb5 Rf7 60. Ke3 Kd7 61. Kf4 Ke6 62. Rb1 Ra7 63. Kg5 Ra4 64. Re1+ Re4 65. Rf1 d5 66. Ra1 Re3 67. Ra6+ Ke5 68. Rf6 Rf3 69. Rf8 d4 0-1

[Event "Tournoi de la St-Jean A"]
[Site "Quebec CAN"]
[Date "2005.06.26"]
[Round "5.4"]
[White "Vallieres, Mario"]
[Black "Groleau, Gilles"]
[Result "1-0"]
[WhiteElo "2038"]
[BlackElo "2059"]
[PlyCount "51"]
[GameId "2160767910967885"]
[EventDate "2005.06.24"]
[EventType "swiss"]
[EventRounds "5"]
[EventCountry "CAN"]

1. d4 Nf6 2. Nc3 d5 3. Bg5 Nbd7 4. f3 h6 5. Bh4 g5 6. Bf2 Bg7 7. e4 dxe4 8. fxe4 c6 9. Nf3 Qa5 10. Bd3 b5 11. O-O Ng4 12. e5 Nxf2 13. Rxf2 e6 14. Ne4 O-O 15. Nfxg5 f5 16. Qh5 fxe4 17. Rxf8+ Nxf8 18. Qf7+ Kh8 19. Nxe4 Qd8 20. Nf6 Nd7 21. Qg6 Nf8 22. Qf7 Nd7 23. Ne8 Qg5 24. Rf1 Nb6 25. Nxg7 Qxg7 26. Qe8+ 1-0

[Event "Tournoi de la St-Jean A"]
[Site "Quebec CAN"]
[Date "2005.06.26"]
[Round "5.5"]
[White "Audet-Bouchard, Nicolas"]
[Black "Pepin, Christian"]
[Result "1-0"]
[WhiteElo "2136"]
[BlackElo "2048"]
[PlyCount "75"]
[GameId "2160767910967886"]
[EventDate "2005.06.24"]
[EventType "swiss"]
[EventRounds "5"]
[EventCountry "CAN"]

1. e4 c6 2. d4 d5 3. e5 Bf5 4. Nf3 e6 5. Be2 c5 6. O-O Nc6 7. Be3 cxd4 8. Nxd4 Nxd4 9. Qxd4 Ne7 10. Bb5+ Nc6 11. c4 a6 12. Bxc6+ bxc6 13. c5 Bxb1 14. Raxb1 Be7 15. f4 O-O 16. f5 exf5 17. Rxf5 g6 18. Rf3 f5 19. Bd2 Qc8 20. Ba5 Rb8 21. Bb6 Re8 22. Re1 Bd8 23. Ra3 Bxb6 24. cxb6 Qb7 25. Rb3 Re6 26. Qc5 Qe7 27. Rc1 Qb7 28. a4 Rc8 29. Re3 a5 30. Qxa5 Ra8 31. Qb4 c5 32. Qxc5 Qxb6 33. Qxb6 Rxb6 34. b3 Rab8 35. e6 Rxb3 36. Rxb3 Rxb3 37. Rc8+ Kg7 38. e7 1-0

[Event "Tournoi de la St-Jean A"]
[Site "Quebec CAN"]
[Date "2005.06.26"]
[Round "5.6"]
[White "Libersan, Thierry"]
[Black "Gagnon, Fabien"]
[Result "1-0"]
[WhiteElo "2052"]
[BlackElo "2028"]
[PlyCount "64"]
[GameId "2160767910967887"]
[EventDate "2005.06.24"]
[EventType "swiss"]
[EventRounds "5"]
[EventCountry "CAN"]

1. e4 c5 2. Nf3 Nc6 3. d4 cxd4 4. Nxd4 g6 5. Nc3 Bg7 6. Be3 Nf6 7. Bc4 O-O 8. Bb3 Qa5 9. f3 d5 10. exd5 Nb4 11. Qd2 Rd8 12. O-O-O Nbxd5 13. Nxd5 Qxd2+ 14. Rxd2 Nxd5 15. Nb5 e6 16. Nc7 Bf6 17. Bxd5 exd5 18. Nxa8 Be5 19. c4 d4 20. f4 Bf6 21. Bf2 Bf5 22. g4 Bxg4 23. Nc7 Rc8 24. Nd5 Rxc4+ 25. Rc2 Rxc2+ 26. Kxc2 d3+ 27. Kxd3 Bxb2 28. Bxa7 Be6 29. Ne7+ Kf8 30. Bc5 Ke8 31. Rb1 b6 32. Rxb2 bxc5 1-0

[Event "Tournoi de la St-Jean A"]
[Site "Quebec CAN"]
[Date "2005.06.26"]
[Round "5.8"]
[White "Arsenault, Nicolas"]
[Black "Duplessis, Jean-Roch"]
[Result "1-0"]
[WhiteElo "2069"]
[BlackElo "1648"]
[PlyCount "71"]
[GameId "2160767910967888"]
[EventDate "2005.06.24"]
[EventType "swiss"]
[EventRounds "5"]
[EventCountry "CAN"]

1. e4 c5 2. Nf3 d6 3. d4 cxd4 4. Nxd4 Nf6 5. Nc3 g6 6. Be3 Bg7 7. f3 O-O 8. Qd2 Nc6 9. O-O-O d5 10. exd5 Nxd5 11. Nxc6 bxc6 12. Bd4 e5 13. Bc5 Be6 14. Ne4 f5 15. Ng5 Bh6 16. h4 Re8 17. Bc4 Nc7 18. Qe3 Qf6 19. Rd6 Bxg5 20. hxg5 Qf7 21. Rxe6 Rxe6 22. Bxe6 Qxe6 23. b3 Nd5 24. Qd2 a5 25. a4 e4 26. Re1 Qe5 27. Bd4 Qd6 28. Bb2 Qf4 29. fxe4 fxe4 30. Qxf4 Nxf4 31. Rxe4 Nxg2 32. Kd2 Rf8 33. Bf6 h5 34. Ke2 h4 35. Kf3 h3 36. Kg3 1-0

[Event "Tournoi de la St-Jean A"]
[Site "Quebec CAN"]
[Date "2005.06.26"]
[Round "5.11"]
[White "Desjardins, Michel"]
[Black "Benoit, Sebastien"]
[Result "1-0"]
[WhiteElo "1923"]
[BlackElo "1904"]
[PlyCount "72"]
[GameId "2160767910967890"]
[EventDate "2005.06.24"]
[EventType "swiss"]
[EventRounds "5"]
[EventCountry "CAN"]

1. e4 c5 2. Nc3 Nc6 3. g3 g6 4. Bg2 Bg7 5. d3 e6 6. Be3 Nge7 7. Bxc5 O-O 8. Nge2 b5 9. Qd2 b4 10. Nd1 Rb8 11. O-O d6 12. Be3 Re8 13. f4 f5 14. c3 e5 15. a3 bxc3 16. Ndxc3 Na5 17. Nc1 Ba6 18. Bxa7 Rb7 19. Be3 Qb8 20. b4 exf4 21. Bxf4 Rc8 22. e5 Rbc7 23. exd6 Qb6+ 24. Be3 Qxd6 25. N1e2 Nb3 26. Qa2 Rxc3 27. Nxc3 Rxc3 28. Rac1 Rxd3 29. Bc5 Bd4+ 30. Kh1 Bxc5 31. bxc5 Qd8 32. Rcd1 Kf8 33. Qxb3 Rxb3 34. Rxd8+ Kf7 35. Re1 Bb5 36. Rb8 Nc6 1-0

[Event "Tournoi de la St-Jean B"]
[Site "Quebec CAN"]
[Date "2005.06.24"]
[Round "1.14"]
[White "Allen, Marc-Antoine"]
[Black "Gago, Nelson"]
[Result "0-1"]
[WhiteElo "1534"]
[BlackElo "1849"]
[PlyCount "64"]
[GameId "2160767910967891"]
[EventDate "2005.06.24"]
[EventType "swiss"]
[EventRounds "5"]
[EventCountry "CAN"]

1. e4 c6 2. d4 d5 3. Nc3 dxe4 4. Nxe4 Bf5 5. Ng3 Bg6 6. h4 h6 7. Nf3 e6 8. Ne5 Bh7 9. Bd3 Bxd3 10. Qxd3 Nd7 11. Nxd7 Qxd7 12. Bf4 Nf6 13. O-O-O Bd6 14. Bxd6 Qxd6 15. Kb1 b5 16. Ne4 Nxe4 17. Qxe4 Qd5 18. Qxd5 cxd5 19. h5 Rc8 20. Rhf1 Ke7 21. f4 Rc6 22. Rd2 Rg8 23. f5 exf5 24. Rxf5 Rf6 25. Re5+ Re6 26. Rde2 Re8 27. c3 Kd6 28. Rxe6+ Rxe6 29. Rf2 f6 30. Rf3 Re1+ 31. Kc2 Re2+ 32. Kb3 Rxg2 0-1

[Event "Tournoi de la St-Jean B"]
[Site "Quebec CAN"]
[Date "2005.06.25"]
[Round "3.12"]
[White "Blais, Georges"]
[Black "Gago, Nelson"]
[Result "0-1"]
[WhiteElo "1962"]
[BlackElo "1502"]
[PlyCount "78"]
[GameId "2160767910967894"]
[EventDate "2005.06.24"]
[EventType "swiss"]
[EventRounds "5"]
[EventCountry "CAN"]

1. Nf3 d5 2. b3 Nf6 3. Bb2 Nbd7 4. e3 e6 5. c4 Be7 6. Be2 O-O 7. O-O c6 8. d4 Ne4 9. Qc2 Bd6 10. Ba3 Qe7 11. Bxd6 Qxd6 12. Nbd2 f5 13. Nxe4 fxe4 14. Nd2 Nf6 15. f3 exf3 16. Nxf3 Ng4 17. Ne5 Rxf1+ 18. Bxf1 Nxe5 19. dxe5 Qxe5 20. Re1 Bd7 21. Bd3 g6 22. Qd2 Rf8 23. cxd5 exd5 24. Qa5 a6 25. Qd2 Be6 26. Qe2 Kg7 27. b4 Bf5 28. a3 Bxd3 29. Qxd3 Qf6 30. Qd2 h6 31. Qd4 Rf7 32. Qd2 Qe5 33. Qc1 h5 34. Qd2 Re7 35. Qc1 d4 36. e4 a5 37. Qc4 axb4 38. axb4 Rd7 39. g3 d3 0-1

[Event "Tournoi de la St-Jean B"]
[Site "Quebec CAN"]
[Date "2005.06.25"]
[Round "3.13"]
[White "Harvey-Tremblay, Kevin"]
[Black "Myre, Eric"]
[Result "0-1"]
[WhiteElo "1501"]
[BlackElo "1833"]
[PlyCount "80"]
[GameId "2160767910967895"]
[EventDate "2005.06.24"]
[EventType "swiss"]
[EventRounds "5"]
[EventCountry "CAN"]

1. e4 c5 2. Nf3 Nc6 3. d4 cxd4 4. Nxd4 g6 5. Bc4 Bg7 6. Be3 Nf6 7. Nd2 O-O 8. O-O Nxe4 9. Nxc6 bxc6 10. Nxe4 d5 11. Bxd5 cxd5 12. Ng3 Bxb2 13. Bh6 Re8 14. Rb1 Bg7 15. Bxg7 Kxg7 16. f4 e6 17. Qd4+ Qf6 18. Qd3 a5 19. Rb6 Qd8 20. Qd4+ Kg8 21. Rd1 Qc7 22. Re1 Qc4 23. Qxc4 dxc4 24. Ne4 Rd8 25. Rc6 Rd4 26. Nd6 Bd7 27. Rb6 Ba4 28. c3 Rxf4 29. Rf1 Rxf1+ 30. Kxf1 Bc2 31. Kf2 Bd3 32. Rb7 Rd8 33. Nxf7 Rf8 34. Ke3 Rxf7 35. Rb6 Rf1 36. Ra6 Re1+ 37. Kf3 e5 38. Rxa5 e4+ 39. Kf4 e3 40. Kg5 Rf1 0-1

[Event "Tournoi de la St-Jean B"]
[Site "Quebec CAN"]
[Date "2005.06.25"]
[Round "3.14"]
[White "Sarra-Bournet, Marc"]
[Black "Pregent, Daniel"]
[Result "0-1"]
[WhiteElo "1796"]
[BlackElo "1747"]
[PlyCount "104"]
[GameId "2160767910967896"]
[EventDate "2005.06.24"]
[EventType "swiss"]
[EventRounds "5"]
[EventCountry "CAN"]

1. e4 e5 2. Nf3 Nc6 3. Bb5 a6 4. Ba4 d6 5. c3 g6 6. d4 Bg7 7. d5 b5 8. dxc6 bxa4 9. Qxa4 Ne7 10. O-O O-O 11. Bg5 h6 12. Be3 Qe8 13. Nbd2 Qxc6 14. Qc2 Rb8 15. Rac1 f5 16. Nb3 fxe4 17. Nfd2 d5 18. Bc5 Rf7 19. c4 d4 20. Nxe4 Bf5 21. f3 Nc8 22. Ba3 Nb6 23. Nbc5 Nd7 24. Qd2 Nxc5 25. Nxc5 Kh7 26. Rfe1 Re8 27. Ne4 Bxe4 28. Rxe4 Bf6 29. h4 Rg8 30. Qd3 Qd7 31. Rc2 Qf5 32. g4 Qc8 33. h5 c5 34. hxg6+ Rxg6 35. Rh2 Kg7 36. b3 Bg5 37. Rh4 Bf4 38. Qe2 Be3+ 39. Kg2 Bf4 40. Rxf4 exf4 41. Qe5+ Kh7 42. Kf2 Qe6 43. Qd5 Qe8 44. Kg2 Re6 45. Rh2 Re2+ 46. Kh3 Re5 47. Qd6 Rg7 48. Rf2 Qh5+ 49. Kg2 Rxg4+ 50. fxg4 Qxg4+ 51. Kf1 Qd1+ 52. Kg2 Rg5+ 0-1

[Event "Tournoi de la St-Jean B"]
[Site "Quebec CAN"]
[Date "2005.06.26"]
[Round "4.14"]
[White "Myre, Eric"]
[Black "Gago, Nelson"]
[Result "1-0"]
[WhiteElo "1833"]
[BlackElo "1849"]
[PlyCount "113"]
[GameId "2160767910967897"]
[EventDate "2005.06.24"]
[EventType "swiss"]
[EventRounds "5"]
[EventCountry "CAN"]

1. d4 d5 2. c4 c6 3. Nc3 Nf6 4. Nf3 a6 5. c5 g6 6. Bf4 Bg7 7. g3 Nbd7 8. Bg2 O-O 9. O-O Nh5 10. Qd2 Nxf4 11. gxf4 Nf6 12. b4 Qc7 13. a4 Nh5 14. e3 f6 15. b5 axb5 16. axb5 Rxa1 17. Rxa1 e5 18. fxe5 fxe5 19. dxe5 Bf5 20. Nd4 Bxe5 21. f4 Bg7 22. bxc6 bxc6 23. Nxc6 Bxc3 24. Bxd5+ Kh8 25. Qxc3+ Qg7 26. Qxg7+ Kxg7 27. Ne5 Nf6 28. Ra7+ Kh6 29. Rf7 Rxf7 30. Bxf7 Bc2 31. Bc4 Bd1 32. Nf7+ Kg7 33. Nd6 Bf3 34. Bb5 Kf8 35. c6 Nd5 36. Kf2 Bg4 37. Bc4 Nb6 38. e4 Ke7 39. e5 Nxc4 40. Nxc4 Kd8 41. Nd6 Be6 42. Ke3 Kc7 43. Nb5+ Kxc6 44. Nd4+ Kd5 45. Nxe6 Kxe6 46. Ke4 h6 47. h4 h5 48. Kd4 Kf5 49. Kd5 Kxf4 50. e6 Kg4 51. e7 Kxh4 52. e8=Q g5 53. Qe1+ Kg4 54. Qg1+ Kf4 55. Qh2+ Kg4 56. Ke4 h4 57. Qg2+ 1-0

[Event "Tournoi de la St-Jean B"]
[Site "Quebec CAN"]
[Date "2005.06.26"]
[Round "4.15"]
[White "Pregent, Daniel"]
[Black "Plante, Marc-Eric"]
[Result "1-0"]
[WhiteElo "1747"]
[BlackElo "1544"]
[PlyCount "89"]
[GameId "2160767910967898"]
[EventDate "2005.06.24"]
[EventType "swiss"]
[EventRounds "5"]
[EventCountry "CAN"]

1. d4 Nf6 2. c4 e6 3. Nc3 Bb4 4. Qc2 O-O 5. a3 Bxc3+ 6. Qxc3 Ne4 7. Qc2 f5 8. Nf3 d6 9. g3 Nd7 10. Bg2 Ndf6 11. Ng5 d5 12. f3 Nxg5 13. Bxg5 Qe8 14. Bxf6 Rxf6 15. cxd5 exd5 16. Qxc7 Rc6 17. Qe5 Qxe5 18. dxe5 Rc2 19. b4 Be6 20. f4 Rac8 21. Kf2 d4 22. Rhd1 d3 23. Rxd3 Bc4 24. Bd5+ Bxd5 25. Rxd5 Rb2 26. e6 Kf8 27. Rxf5+ Ke7 28. Re5 g6 29. Rd1 Rc7 30. Rd3 Rb1 31. g4 Rh1 32. Kg2 Ra1 33. h4 Ra2 34. Kf3 Ra1 35. h5 Rf1+ 36. Ke3 Rh1 37. hxg6 hxg6 38. f5 Rg1 39. Red5 Rxg4 40. Rd7+ Rxd7 41. Rxd7+ Ke8 42. f6 Rg3+ 43. Kf4 Rxa3 44. f7+ Kf8 45. Rd8+ 1-0

[Event "Tournoi de la St-Jean B"]
[Site "Quebec CAN"]
[Date "2005.06.26"]
[Round "5.12"]
[White "Pregent, Daniel"]
[Black "Myre, Eric"]
[Result "0-1"]
[WhiteElo "1747"]
[BlackElo "1833"]
[PlyCount "54"]
[GameId "2160767910967899"]
[EventDate "2005.06.24"]
[EventType "swiss"]
[EventRounds "5"]
[EventCountry "CAN"]

1. d4 Nf6 2. c4 c5 3. d5 b5 4. b3 bxc4 5. bxc4 g6 6. Nc3 Bg7 7. Rb1 d6 8. e4 O-O 9. Bd3 Ng4 10. Nge2 Ne5 11. O-O Nbd7 12. f4 Nxd3 13. Qxd3 Nb6 14. Nd1 Ba6 15. Ne3 Rb8 16. Bd2 Qd7 17. Bc3 Nxc4 18. Bxg7 Nxe3 19. Qxa6 Nxf1 20. Rxf1 Kxg7 21. Nc3 Qb7 22. Qd3 Qb4 23. Qh3 Qd4+ 24. Kh1 Rb2 25. Qf3 Rd2 26. Ne2 Qd3 27. Ng3 Qxf3 0-1

[Event "Tournoi de la St-Jean B"]
[Site "Quebec CAN"]
[Date "2005.06.26"]
[Round "5.14"]
[White "Lemieux, Michel"]
[Black "Perreault, Jacquelin"]
[Result "1-0"]
[WhiteElo "1751"]
[BlackElo "1714"]
[PlyCount "79"]
[GameId "2160767910967901"]
[EventDate "2005.06.24"]
[EventType "swiss"]
[EventRounds "5"]
[EventCountry "CAN"]

1. Nf3 Nf6 2. g3 b6 3. Bg2 Bb7 4. O-O g6 5. c4 Bg7 6. d4 e6 7. Nc3 O-O 8. e4 Nxe4 9. Re1 Nxc3 10. bxc3 d6 11. a4 a5 12. Bf4 Nd7 13. Qd2 Re8 14. h4 Nf6 15. Bg5 Qc8 16. Bxf6 Bxf6 17. Qf4 Qd8 18. Re3 Rc8 19. Rae1 c5 20. Bf1 cxd4 21. cxd4 d5 22. cxd5 Bxd5 23. Bb5 Bc6 24. d5 Bxb5 25. dxe6 Rxe6 26. Rxe6 fxe6 27. Rxe6 Bg7 28. axb5 Ra8 29. Qe3 a4 30. Rxb6 a3 31. Qb3+ Kh8 32. Ra6 Bb2 33. Rxa8 Qxa8 34. b6 Qb7 35. Nd2 Bd4 36. Qxa3 Bxf2+ 37. Kxf2 Qxb6+ 38. Qe3 Qc6 39. Qd4+ Kg8 40. Qc4+ 1-0

[Event "Tournoi de la St-Jean B"]
[Site "Quebec CAN"]
[Date "2005.06.26"]
[Round "5.15"]
[White "Page, Denis"]
[Black "Sarra-Bournet, Marc"]
[Result "0-1"]
[WhiteElo "1700"]
[BlackElo "1796"]
[PlyCount "174"]
[GameId "2160767910967902"]
[EventDate "2005.06.24"]
[EventType "swiss"]
[EventRounds "5"]
[EventCountry "CAN"]

1. e4 e5 2. Nf3 Nc6 3. Bb5 a6 4. Ba4 Nf6 5. O-O Be7 6. Re1 b5 7. Bb3 d6 8. c3 O-O 9. h3 Na5 10. Bc2 c5 11. d4 Qc7 12. Nbd2 Nd7 13. Nf1 Bf6 14. N1h2 Bb7 15. Ng4 Nc4 16. b3 Ncb6 17. d5 a5 18. Bg5 Bxg5 19. Nxg5 Qd8 20. h4 h6 21. Nf3 Nf6 22. Ne3 Bc8 23. Nh2 Nh7 24. Qh5 Nf6 25. Qe2 Bd7 26. Bd3 b4 27. cxb4 axb4 28. Qf3 Nh7 29. Be2 Ra7 30. Nhf1 Qa8 31. Ng3 Rxa2 32. Rab1 Qd8 33. Ngf5 Bc8 34. Qg3 Bxf5 35. Nxf5 Qf6 36. Ra1 Rxa1 37. Rxa1 Nxd5 38. Nxh6+ Qxh6 39. exd5 Nf6 40. Bc4 Ne4 41. Qh3 Qf4 42. Qe3 Qxe3 43. fxe3 Nd2 44. Rc1 Ra8 45. Rc2 Ra1+ 46. Kh2 Nxc4 47. bxc4 Ra3 48. e4 Rc3 49. Ra2 Rxc4 50. Ra6 Rxe4 51. Rxd6 Rxh4+ 52. Kg3 Rd4 53. Rd8+ Kh7 54. Kf3 g6 55. g4 Kg7 56. g5 b3 57. d6 b2 58. Rb8 Rxd6 59. Rxb2 Rd4 60. Rb5 Rc4 61. Rb3 Rf4+ 62. Kg3 Rf5 63. Kg4 Kf8 64. Rc3 Ke7 65. Rxc5 Kd6 66. Ra5 e4 67. Ra6+ Ke5 68. Ra5+ Kd4 69. Ra4+ Kd3 70. Ra3+ Kd2 71. Ra2+ Kc3 72. Ra3+ Kd2 73. Ra2+ Kd1 74. Ra1+ Ke2 75. Ra2+ Kf1 76. Ra1+ Kg2 77. Re1 Re5 78. Kf4 Re7 79. Re2+ Kf1 80. Ke3 Kg1 81. Rf2 Ra7 82. Rb2 Ra5 83. Rb7 Rf5 84. Kxe4 Kg2 85. Rb6 Kg3 86. Rf6 Rxf6 87. gxf6 Kg4 0-1

[Event "Tournoi de la St-Jean C"]
[Site "Quebec CAN"]
[Date "2005.06.26"]
[Round "4.33"]
[White "Turcotte, Roger"]
[Black "Renzo, Alain"]
[Result "0-1"]
[WhiteElo "1204"]
[BlackElo "1341"]
[PlyCount "102"]
[GameId "2160767910967903"]
[EventDate "2005.06.24"]
[EventType "swiss"]
[EventRounds "5"]
[EventCountry "CAN"]

1. c4 Nf6 2. Nc3 e6 3. g3 c6 4. Bg2 d5 5. cxd5 cxd5 6. d4 Nc6 7. Nf3 g6 8. O-O Bg7 9. e3 b6 10. a3 Ba6 11. Re1 O-O 12. Bf1 Bxf1 13. Kxf1 a6 14. Qd3 b5 15. b3 Qd7 16. Kg2 Ne8 17. Bb2 Nd6 18. h3 Rfb8 19. Na2 a5 20. b4 Nc4 21. Nc1 axb4 22. Nb3 bxa3 23. Nc5 Qe8 24. Ra2 b4 25. Rb1 Rb6 26. Bc1 Rab8 27. Nd2 N6a5 28. f4 f5 29. Ncb3 Nxd2 30. Bxd2 Qb5 31. Qxb5 Rxb5 32. Nc5 Nc4 33. Nb3 Nxd2 34. Rxd2 Bf8 35. Rc2 Ra8 36. Kf3 Rb7 37. g4 Kf7 38. Rbc1 h6 39. gxf5 gxf5 40. h4 h5 41. Rg2 Be7 42. Rcg1 Bf6 43. Kg3 Rg8+ 44. Kh3 Rxg2 45. Rxg2 Rb8 46. Rc2 Kg6 47. Rc6 Ra8 48. Rxe6 a2 49. Na1 Rb8 50. Nb3 a1=Q 51. Nxa1 b3 0-1

[Event "UBC Team event"]
[Site "Vancouver CAN"]
[Date "2005.01.15"]
[Round "1.1"]
[White "Jiang, Louie"]
[Black "Harper, Jamie"]
[Result "1/2-1/2"]
[WhiteElo "1606"]
[BlackElo "1721"]
[PlyCount "110"]
[GameId "2160767911031585"]
[EventDate "2005.01.15"]
[EventType "team"]
[EventRounds "4"]
[EventCountry "CAN"]

1. e4 Nf6 2. e5 Nd5 3. d4 d6 4. c4 Nb6 5. exd6 exd6 6. Be3 Be7 7. Nc3 O-O 8. Be2 Bf5 9. Nf3 Re8 10. O-O Nc6 11. Rc1 h6 12. h3 Nd7 13. b3 Nf6 14. Re1 Ne4 15. Nxe4 Bxe4 16. Nd2 Bg6 17. Bf3 Qd7 18. Nf1 Rab8 19. Ng3 Nb4 20. Re2 Bf8 21. a3 Nc6 22. Re1 a6 23. Ne2 Ne7 24. Nf4 Bh7 25. Nd5 c6 26. Nxe7+ Rxe7 27. Qd2 Rbe8 28. b4 Be4 29. Bxe4 Rxe4 30. Red1 d5 31. Rc3 Be7 32. Rdc1 Bd6 33. R1c2 Bc7 34. b5 Ba5 35. cxd5 cxd5 36. bxa6 bxa6 37. Qd3 Bxc3 38. Rxc3 Rc8 39. Rb3 Qc6 40. Rb2 Qc3 41. Qxa6 Ree8 42. Rb1 Qc2 43. Rc1 Qf5 44. Rxc8 Qxc8 45. Qxc8 Rxc8 46. g4 Rc3 47. Kg2 Rxa3 48. Kf3 Kh7 49. Kf4 f6 50. h4 Kg6 51. h5+ Kf7 52. Kf5 Ra2 53. Kf4 g5+ 54. hxg6+ Kxg6 55. Kg3 Ra4 1/2-1/2

[Event "UBC Team event"]
[Site "Vancouver CAN"]
[Date "2005.01.15"]
[Round "1.2"]
[White "Harper, Jamie"]
[Black "Jiang, Louie"]
[Result "0-1"]
[WhiteElo "1606"]
[BlackElo "1721"]
[PlyCount "36"]
[GameId "2160767911031587"]
[EventDate "2005.01.15"]
[EventType "team"]
[EventRounds "4"]
[EventCountry "CAN"]

1. e4 c5 2. Nc3 d6 3. g3 g6 4. Bg2 Bg7 5. d3 Nc6 6. Be3 Bd7 7. Qd2 Rb8 8. Nge2 Nf6 9. Bh6 O-O 10. Bxg7 Kxg7 11. O-O b5 12. f4 e6 13. Rae1 b4 14. Nd1 a5 15. Ne3 a4 16. Nc4 Qc7 17. Nc1 Na5 18. Nxd6 Qxd6 0-1

[Event "UBC Team event"]
[Site "Vancouver CAN"]
[Date "2005.01.15"]
[Round "2.1"]
[White "Tang, Tiffany"]
[Black "Sladek, Vaclav"]
[Result "1/2-1/2"]
[WhiteElo "1674"]
[BlackElo "1997"]
[PlyCount "85"]
[GameId "2160767911031590"]
[EventDate "2005.01.15"]
[EventType "team"]
[EventRounds "4"]
[EventCountry "CAN"]

1. e4 c5 2. Nc3 Nc6 3. g3 g6 4. Bg2 Bg7 5. d3 d6 6. Be3 Rb8 7. Qd2 b5 8. Nge2 Nd4 9. O-O h5 10. h4 e5 11. Nd5 Be6 12. c4 Bxd5 13. cxd5 Nf6 14. Bg5 Qd7 15. f3 O-O 16. Nxd4 cxd4 17. b4 Nh7 18. Bh6 f5 19. Bh3 Qe7 20. Bxg7 Kxg7 21. Qe1 Rbc8 22. f4 Rc3 23. Rd1 fxe4 24. Qxe4 Nf6 25. Qg2 Ng4 26. Bxg4 hxg4 27. Rfe1 Rf5 28. Qe4 Qf6 29. fxe5 Qxe5 30. Qxg4 Qxd5 31. Qe4 Rc2 32. Qxd5 Rxd5 33. Re7+ Kf6 34. Rxa7 Re5 35. Rf1+ Ke6 36. Rg7 Ree2 37. Rxg6+ Kd5 38. Rg5+ Kc6 39. Rf3 Rc1+ 40. Rf1 Rcc2 41. Rf4 Re1+ 42. Rf1 Ree2 43. Rf3 1/2-1/2